MATHEMATICAL MODELS OF MULTIVARIABLE MULTI-STAGE DISCRETE-CONTINUOUS AUTOMATIC CONTROL SYSTEMS

Bibliographic Details
Main Authors: Kramar, Vadym (Author), Swic, Antoni (Author)
Format: Article
Language:English

MARC

LEADER 00000nab a2200000 a 4500
001 vtls011115851
003 SK-MaSNL
005 20260303142818.0
008 230222|2008 xo |||||||||||||||||eng|
015 |a SNBRB 
035 |a (uuid)22ef270f-4986-496a-b4f5-2783c1bb8b4f 
035 |a (urnnbn)urn:nbn:sk:snk:ar-a08kca 
035 |a urn:nbn:sk:snk-ab9mjj 
040 |a SNKBUCL  |b slo  |c SNKBUCL  |e AACR2 
041 0 |a eng 
044 |a xo  |c SK 
100 1 |a Kramar, Vadym  |4 aut  |9 1163155 
245 1 0 |a MATHEMATICAL MODELS OF MULTIVARIABLE MULTI-STAGE DISCRETE-CONTINUOUS AUTOMATIC CONTROL SYSTEMS  |c Vadym Kramar, Antoni Swic 
246 3 |a MATEMATICKÝ MODEL VIACPREMENNÝCH, VIACFÁZOVÝCH, DISKRÉTNOSPOJITÝCH AUTOMATICKÝCH RIADIACICH SYSTÉMOV 
700 1 |a Swic, Antoni  |4 aut  |9 1163153 
773 0 |t Acta Mechanica Slovaca  |g Roč. 12, č. 2-A (2008), s. 349-352 
958 |a OND 
958 |a EUIPO 
958 |a article13 
999 |c 1986331  |d 1988261